| 000 | 00861nam a2200253Ia 4500 | ||
|---|---|---|---|
| 003 | GCL | ||
| 008 | 140319s9999 xx 000 0 ara d | ||
| 020 | _a8165099906 | ||
| 040 |
_aGCL / _cGCL |
||
| 082 | 0 | 4 |
_aد _b050 _bر أ |
| 100 | 1 | _aيمنى طريف الخولى | |
| 245 | 1 | 0 |
_aاخلاقيات العلم : _bمدخل / _cيمنى طريف الخولى |
| 700 | 1 | _aرزنيك ، ديفيد ب | |
| 700 | 1 | _aعبدالنور عبدالمنعم | |
| 250 | _aالاولى | ||
| 260 |
_aالكويت : _bالمجلس الوطنى للثقافة والفنون والاداب ، _c2005 |
||
| 300 |
_a301ص ؛ _c19سم |
||
| 490 |
_aعالم المعرفة _v316 |
||
| 650 | 0 | 4 | _aالعلم والأخلاق |
| 650 | 0 | 4 | _aالاخلاق - علم |
| 650 | 0 | 4 | _aالعلم ( مهنة ) |
| 650 | 0 | 4 | _aالبحوث - اخلاقيات |
| 942 |
_2ddc _cBK |
||
| 999 |
_c7769 _d7769 |
||